|
|
|
|
| LEADER |
00000nas a2200000 i 4500 |
| 001 |
ssj0001073599 |
| 003 |
WaSeSS |
| 005 |
20200512172242.0 |
| 006 |
m d |
| 007 |
cr n |
| 008 |
110519c20099999xr fr p s 0 0mul c |
| 010 |
|
|
|a 2017238358
|
| 022 |
|
|
|a 1803-6805
|l 1803-6805
|
| 035 |
|
|
|a (WaSeSS)ssj0001073599
|
| 040 |
|
|
|a HNK
|b eng
|c HNK
|d OCLCQ
|d OCLCF
|d OCLCO
|d OCLCQ
|d AU@
|d CUS
|d UAB
|d VT2
|d Z5A
|d IUL
|d WaSeSS
|
| 041 |
0 |
|
|a mul
|b eng
|
| 042 |
|
|
|a pcc
|
| 050 |
|
4 |
|a LB1028.3
|b .J682
|
| 210 |
0 |
|
|a J. Technol. Inf. Educ.
|b (Online)
|
| 222 |
|
0 |
|a Journal of Technology and Information Education
|b (Online)
|
| 245 |
0 |
0 |
|a Journal of technology and information education
|h [electronic resource].
|
| 246 |
1 |
1 |
|a Časopis pro technickou a informační výchovu
|
| 246 |
1 |
3 |
|a J. Technol. Inf. Educ
|
| 246 |
1 |
3 |
|a JTIE
|
| 260 |
|
|
|a Olomouc, Czech Republic :
|b Univerzity Palackeho v Olomouci
|
| 310 |
|
|
|a Two times a year
|
| 362 |
1 |
|
|a Began with vol. 1, no. 1 (Jan. 2009).
|
| 506 |
|
|
|a License restrictions may limit access.
|
| 546 |
|
|
|a Text in Czech, English, Polish, Russian, Hungarian; abstracts also in English.
|
| 588 |
0 |
|
|a Description based on: Vol. 1, no. 1 (Jan. 2009); title from title information screen (publisher's journal web site, viewed July 11, 2017).
|
| 588 |
|
|
|a Latest issue consulted: Vol. 8, no. 2 (2016) (viewed July 11, 2017).
|
| 650 |
|
0 |
|a Educational technology
|v Periodicals.
|
| 650 |
|
0 |
|a Technical education
|v Periodicals.
|
| 650 |
|
0 |
|a Information technology
|x Study and teaching (Higher)
|v Periodicals.
|
| 650 |
|
7 |
|a Educational technology.
|2 fast
|0 (OCoLC)fst00903623
|
| 650 |
|
7 |
|a Information technology
|x Study and teaching (Higher)
|2 fast
|0 (OCoLC)fst00973139
|
| 650 |
|
7 |
|a Technical education.
|2 fast
|0 (OCoLC)fst01144838
|
| 655 |
|
0 |
|a Electronic journals.
|
| 710 |
2 |
|
|a Univerzita Palackého v Olomouci.
|b Katedra technické a informační výchovy.
|
| 776 |
0 |
8 |
|i Print version:
|t Journal of technology and information education
|x 1803-537X
|
| 856 |
4 |
0 |
|z Full text available from Research Library: 01/01/2009 to present
|u https://search.proquest.com/publication/326367
|